A atividade de planejamento e análise de mercado nas contratações governamentais : (Record no. 393)

MARC details
000 -LÍDER
Campo Fixo de Controle 01178nam a2200277 a 4500
001 - NÚMERO DE CONTROLE
Campo de Controle 393
003 - IDENTIFICAÇÃO DO NÚMERO DE CONTROLE
Campo de Controle BR-CuiBMT
005 - DATA E HORA DA ÚLTIMA ATUALIZAÇÃO
Campo de Controle 20231126225639.0
008 - DADOS FIXOS
Dados Fixos 231103b2022 mgba 000 0 por d
020 ## - INTERNATIONAL STANDARD BOOK NUMBER
Nº do ISBN 9786555183177
040 ## - AGÊNCIA CATALOGADORA
Código da Agência Catalogadora BR-CuiBMT
Agência que transcreveu o registro BR-CuiBMT
080 ## - Nº DA CLASSIFICAÇÃO DECIMAL UNIVERSAL
Nº edição CDU 2007
Nº Class. CDU 351.712
090 ## - NÚMERO DE CHAMADA
Nº classificação 351.712
Cutter C512a
Ano/Edição 2. ed.
100 1# - ENTRADA PRINCIPAL -- AUTOR PESSOAL
Nome pessoal Chaves, Luiz Claudio de Azevedo
245 12 - TÍTULO PRINCIPAL
Título principal A atividade de planejamento e análise de mercado nas contratações governamentais :
Subtítulo a atividade de planejar e pesquisar preços de mercado nas licitações públicas e justificativa de preço nas contratações diretas da administração pública /
Indicação de responsabilidade Luiz Claudio de Azevedo Chaves ; Benjamin Zymler, prefácio.
250 ## - EDIÇÃO
Edição 2. ed., rev. e atual.
260 ## - PUBLICAÇÃO, DISTRIBUIÇÃO, ETC.
Local de publicação Belo Horizonte :
Editora Fórum,
Data 2022.
300 ## - DESCRIÇÃO FÍSICA
N. páginas ou volumes 226 p. :
Ilustrações il. ;
Dimensões 22 cm
500 ## - NOTAS GERAIS
Notas gerais Edição revista e atualizada de acordo com a Lei nº 14.133/2021 e IN nº 065/2021/SEGES/ME.
504 ## - NOTA DE BIBLIOGRAFIA, ETC.
Nota de bibliografia Inclui bibliografia.
650 ## - ASSUNTO TÓPICO
Cabeçalho tópico ou nome geográfico Administração pública
Subdivisão geográfica Brasil
650 ## - ASSUNTO TÓPICO
Cabeçalho tópico ou nome geográfico Direito administrativo
Subdivisão geográfica Brasil
650 ## - ASSUNTO TÓPICO
Cabeçalho tópico ou nome geográfico Contrato administrativo
Subdivisão geral Administração pública
650 ## - ASSUNTO TÓPICO
Cabeçalho tópico ou nome geográfico Gestão pública
942 ## - ELEMENTOS DE ENTRADA ADICIONAIS (KOHA)
Fonte de classificação ou esquema de arquivamento Classificação Decimal Universal
Tipo de item do Koha Livros
Holdings
Estado: removido Estado: perdido Fonte de classificação ou esquema de arquivamento Estado: danificado Indisponível para empréstimo Localização permanente Localização atual Data de aquisição Total Checkouts Número de Chamada completo Código de barras Date last seen Número do exemplar Preço efetivo a partir de Tipo de item (Koha)
    Classificação Decimal Universal     Biblioteca da Escola Superior de Contas do TCE/MT Biblioteca da Escola Superior de Contas do TCE/MT 03/11/2023   351.712 C512a BIBTCEMT23110109 03/11/2023 Ex. 1 03/11/2023 Livros
    Classificação Decimal Universal     Biblioteca da Escola Superior de Contas do TCE/MT Biblioteca da Escola Superior de Contas do TCE/MT 15/12/2023   351.712 C512a BIBTCEMT23120563 15/12/2023 Ex. 2 15/12/2023 Livros

Powered by Koha